| 000 | 00451nam a2200121Ia 4500 | ||
|---|---|---|---|
| 008 | 220216s9999 xx 000 0 und d | ||
| 100 | _aHong L T | ||
| 245 | 0 | _aDecay of tropical hardwoods II. Mass loss and degradation of cell-wall components of Hevea brasiliensis caused by ganoderma applanatum, poria sp, Schizophyllum commune and trametes corrugata | |
| 260 |
_bMalaysian Forester _c1982 |
||
| 300 | _a124-126 | ||
| 650 | _aRubberwood | ||
| 942 | _cBO | ||
| 999 |
_c48303 _d48303 |
||